| 000 | 00492nam a2200193Ia 4500 | ||
|---|---|---|---|
| 005 | 20230103153356.0 | ||
| 008 | 131103s9999 xx 000 0 und d | ||
| 040 | _aLoreto College | ||
| 041 | _aEnglish | ||
| 082 |
_a822.09 _bRIB |
||
| 100 | _aRibner, Irving | ||
| 245 |
_aJacobean Tragedy _b the quest for moral order _cIrving Ribner |
||
| 260 |
_aLondon _bMetbuen _c1962 |
||
| 300 | _a179p. | ||
| 504 | _aIncludes index | ||
| 650 | _aEnglish drama | ||
| 850 | _aLCLIB | ||
| 942 | _cBK | ||
| 999 |
_c22059 _d72538 |
||